Peppa Pigs Friends - Statistics

General Stats
  • This quiz has been taken 14 times
  • The average score is 13 of 32
Answer Stats
Answer % Correct
George Pig
92%
Suzy Sheep
92%
Danny Dog
85%
Candy Cat
77%
Rebecca Rabbit
69%
Emily Elephant
62%
Pedro Pony
62%
Zoe Zebra
62%
Chloe Pig
46%
Delphine Donkey
46%
Edmond Elephant
46%
Freddy Fox
46%
Gerald Giraffe
46%
Kylie Kangaroo
46%
Richard Rabbit
46%
Belinda Bear
31%
Gabriella Goat
31%
Joey Kangaroo
31%
Mandy Mouse
31%
Peppa Pig
31%
Simon Squirrel
31%
Zaza Zebra
31%
Zuzu Zebra
31%
Didier Donkey
23%
Evie Pig
23%
Molly Mole
23%
Peggy Panda
23%
Wendy Wolf
23%
Baby Alexander
15%
Lottie Llama
15%
Pandora Panda
15%
Penny Polar Bear
15%
No matching quizzes found
Score Distribution
Percent of People with Each Score
Percentile by Number Answered
Your Score History
You have not taken this quiz